| 000 | 00695 a2200181 4500 | ||
|---|---|---|---|
| 003 | Nust | ||
| 005 | 20170207154319.0 | ||
| 040 | _cNust | ||
| 082 | _a005.1 | ||
| 100 | _aCSUO Saad Bin Shafqat BESE-14 | ||
| 245 | _aVision Based Traget Recognition Through Unmanned Ground Vehicle (Hard / Soft-copy) | ||
| 260 |
_aRawalpindi _bMCS _c2012 |
||
| 300 | _a96 p | ||
| 505 | _aIntroduction (Page-1) Literature Review (Page-5) Software Requirements Specification (Page-13) Systems Design and Architecture (Page-30) Implementation (Page-59) Testing and Result Analysis (Page-74) Conclusion and Future Work (Page-88) | ||
| 538 | _aAlmirah No.71 Shelf No.6 | ||
| 650 | _aUG Project | ||
| 651 | _aUG Project CS | ||
| 942 | _cTHS | ||
| 999 |
_c196689 _d196689 |
||